[Event "XXIII SZACHOWE MISTRZOSTWA POLSKI DUCHOWIENSTWA"]
[Site "WSD Towarzystwa Chrystusowego w Poznaniu"]
[Date "1899-12-30"]
[Round "6.2"]
[White "Leskauskas, Sarunas"]
[Black "Drazek, Dariusz"]
[Result "0-1"]
[WhiteTitle "I"]
[BlackTitle "I"]
[WhiteElo "1687"]
[BlackElo "1782"]

1. e4 c6 2. f4 d5 3. e5 Bf5 4. Nf3 e6 5. d4 c5 6. c3 Nc6 7. a3 Qb6 8. Be2 Rc8 9.
Qa4 Nh6 10. b4 cxd4 11. Nxd4 Bxb1 12. Rxb1 Nf5 13. Nc2 h5 14. Bd2 Bc5 15. Bb5
Be3 16. Rf1 O-O 17. Bd3 Bxd2+ 18. Kxd2 d4 19. c4 Ne3 20. Rg1 Qd8 21. b5 Nxe5 22.
fxe5 Qg5 23. Nxe3 dxe3+ 24. Ke2 Rfd8 25. Rbd1 Qf4 26. Rgf1 Qxe5 27. Qxa7 Qb2+
28. Kf3 e2 29. Bxe2 Ra8 30. Qxb7 Qf6+ 31. Ke3 Rxa3+ 32. Ke4 Qg6+ 33. Ke5 Re3+
0-1

[Event "XXIII SZACHOWE MISTRZOSTWA POLSKI DUCHOWIENSTWA"]
[Site "WSD Towarzystwa Chrystusowego w Poznaniu"]
[Date "1899-12-30"]
[Round "6.4"]
[White "Wadrzyk, Zbigniew"]
[Black "Pawlowski, Slawomir"]
[Result "1-0"]
[WhiteTitle "I"]
[BlackTitle "I"]
[WhiteElo "1781"]
[BlackElo "1757"]

1. e4 c5 2. d3 e6 3. c3 d5 4. Qc2 Nc6 5. f4 g6 6. Nf3 Nge7 7. Be2 Bg7 8. Be3 b6
9. O-O O-O 10. Na3 Bb7 11. Rad1 Rc8 12. Bf2 a6 13. e5 Bh6 14. Qd2 Qc7 15. d4 f6
16. Be3 Nf5 17. exf6 e5 18. dxe5 Nxe5 19. Nxe5 Qxe5 20. fxe5 Bxe3+ 21. Kh1 Bxd2
22. Rxd2 Rce8 23. Nc4 dxc4 24. Bxc4+ Kh8 25. Re2 b5 26. Bd3 c4 27. Bxf5 gxf5 28.
Rxf5 Bd5 29. Kg1 h6 30. g4 Kh7 31. Kf2 Be6 32. Kf3 Kg6 33. Kf4 Rd8 34. Rh5 Rd1
35. Rh3 Rfd8 36. Rg3 Rf1+ 37. Rf3 Rxf3+ 38. Kxf3 Rd3+ 39. Kf4 Bd5 40. Re3 Rxe3
41. Kxe3 Kg5 42. Kd4 Be6 43. h3 h5 44. gxh5 Kxh5 45. Kc5 Kg6 46. h4 Kf7 47. h5
Bc8 48. Kd6 a5 49. h6 Bf5 50. Kc6 b4 51. Kb5 bxc3 52. bxc3 Kg6 53. Kxa5 Kxh6 54.
Kb4 Be6 55. Kc5 Kg6 56. a4 Kf7 57. Kd6 Bc8 58. a5 Ba6 59. Kc6 Bc8 60. Kc7 Ba6
61. Kb6 Bc8 62. a6 Be6 63. a7 Bd5 64. Kc5 1-0

[Event "XXIII SZACHOWE MISTRZOSTWA POLSKI DUCHOWIENSTWA"]
[Site "WSD Towarzystwa Chrystusowego w Poznaniu"]
[Date "1899-12-30"]
[Round "6.5"]
[White "Januszewski, Marek"]
[Black "Mazur, Jan"]
[Result "0-1"]
[WhiteTitle "II"]
[BlackTitle "II"]
[WhiteElo "1644"]
[BlackElo "1618"]

1. d4 d5 2. c4 e6 3. Nc3 c5 4. cxd5 exd5 5. Nf3 Nf6 6. Bg5 Nc6 7. Bxf6 gxf6 8.
dxc5 d4 9. Nxd4 Qxd4 10. Qxd4 Nxd4 11. O-O-O Bxc5 12. Nd5 O-O 13. e3 Nc6 14. Nxf6+
Kg7 15. Nh5+ Kh8 16. Rd5 Be7 17. Nf4 Be6 18. Rh5 Nb4 19. a3 Rac8+ 20. Kd2 Rfd8+
21. Ke2 Bg4+ 22. f3 Rc2+ 23. Ke1 Bxh5 24. Nxh5 Rc1+ 25. Kf2 Rd2+ 26. Kg3 Rdd1
27. axb4 Rxf1 28. Rxf1 Rxf1 29. Kg4 Rb1 30. Nf4 Rxb2 31. e4 Rxb4 32. Nd5 a5 33.
Nxe7 a4 34. Nd5 Rb2 35. Kf5 a3 36. Nc3 Rc2 0-1

[Event "XXIII SZACHOWE MISTRZOSTWA POLSKI DUCHOWIENSTWA"]
[Site "WSD Towarzystwa Chrystusowego w Poznaniu"]
[Date "1899-12-30"]
[Round "6.6"]
[White "Mejzner, Miroslaw"]
[Black "Szczerbak, Kamil"]
[Result "1-0"]
[WhiteTitle "I"]
[BlackTitle "III"]
[WhiteElo "1826"]
[BlackElo "1632"]

1. e4 e5 2. Nf3 Nf6 3. Nxe5 d6 4. Nf3 Nxe4 5. d4 d5 6. Bd3 Bd6 7. c4 c6 8. O-O
Bf5 9. Qc2 Na6 10. a3 O-O 11. Nc3 dxc4 12. Bxe4 Bxe4 13. Nxe4 b5 14. Nfg5 g6 15.
Qc3 h6 16. Qh3 Kg7 17. Nh7 Rh8 18. Qxh6+ Kg8 19. Nef6+ 1-0

[Event "XXIII SZACHOWE MISTRZOSTWA POLSKI DUCHOWIENSTWA"]
[Site "WSD Towarzystwa Chrystusowego w Poznaniu"]
[Date "1899-12-30"]
[Round "6.8"]
[White "Zawada, Jan"]
[Black "Natoniewski, Sebastian"]
[Result "0-1"]
[WhiteTitle "IV"]
[BlackTitle "II"]
[WhiteElo "1558"]
[BlackElo "1629"]

1. d4 Nf6 2. c4 e6 3. Nc3 Bb4 4. Bd2 c5 5. dxc5 Bxc5 6. e3 O-O 7. g3 d5 8. cxd5
Nxd5 9. Na4 Bb4 10. a3 Bxd2+ 11. Qxd2 Bd7 12. Nc5 Bc6 13. e4 Nf6 14. Qxd8 Rxd8
15. f3 Nbd7 16. Nb3 Ne5 17. Kf2 Nd3+ 18. Bxd3 Rxd3 19. Na5 Bb5 20. Ne2 Rd2 21.
Rhe1 Rxb2 22. Rab1 Rxb1 23. Rxb1 Ba6 24. Nb3 b6 25. e5 Nd5 26. Nbd4 f6 27. f4
fxe5 28. fxe5 Rf8+ 29. Nf3 Bxe2 30. Rb3 Bxf3 31. Rxf3 Rxf3+ 32. Kxf3 Kf7 0-1

[Event "XXIII SZACHOWE MISTRZOSTWA POLSKI DUCHOWIENSTWA"]
[Site "WSD Towarzystwa Chrystusowego w Poznaniu"]
[Date "1899-12-30"]
[Round "6.9"]
[White "Dyrda, Konrad"]
[Black "Grela, Franciszek"]
[Result "1-0"]
[WhiteTitle "II"]
[BlackTitle "II"]
[WhiteElo "1670"]
[BlackElo "1600"]

1. d4 g6 2. e4 Bg7 3. f4 d5 4. e5 f6 5. Nf3 Bg4 6. Be3 Nh6 7. Nbd2 fxe5 8. fxe5
O-O 9. h3 Bf5 10. g4 Be4 11. Nxe4 dxe4 12. Ng5 Qd5 13. Bg2 Nf7 14. Bxe4 Qa5+ 15.
Qd2 Qxd2+ 16. Bxd2 c6 17. Ne6 Rc8 18. h4 Nd8 19. Nxg7 Kxg7 20. h5 Nf7 21. hxg6
hxg6 22. O-O-O Na6 23. e6 Nd6 24. Bh6+ Kh7 25. Bf4+ Kg7 26. Be5+ 1-0

[Event "XXIII SZACHOWE MISTRZOSTWA POLSKI DUCHOWIENSTWA"]
[Site "WSD Towarzystwa Chrystusowego w Poznaniu"]
[Date "1899-12-30"]
[Round "6.11"]
[White "Bartoszek, Krzysztof"]
[Black "Burgat, Boguslaw"]
[Result "1/2-1/2"]
[WhiteTitle "III"]
[BlackTitle "III"]
[WhiteElo "1533"]
[BlackElo "1562"]

1. Nf3 d5 2. d3 e6 3. g3 Nf6 4. Bg2 Be7 5. O-O O-O 6. Nbd2 Bd7 7. c4 dxc4 8. Nxc4
Bb5 9. Qb3 c6 10. a4 Bxc4 11. Qxc4 Nbd7 12. a5 Rc8 13. Be3 a6 14. b4 Nd5 15. Bd2
Bf6 16. Ra2 Qe7 17. e4 Nc7 18. e5 Nxe5 19. Nxe5 Bxe5 20. d4 Bf6 21. h4 Rfd8 22.
Be3 Nd5 23. Qc5 Nxb4 24. Qxe7 Bxe7 25. Rb2 Rd7 26. Rfb1 Nd5 27. Bxd5 cxd5 28.
Rxb7 Rcc7 29. Rxc7 1/2-1/2

[Event "XXIII SZACHOWE MISTRZOSTWA POLSKI DUCHOWIENSTWA"]
[Site "WSD Towarzystwa Chrystusowego w Poznaniu"]
[Date "1899-12-30"]
[Round "6.12"]
[White "Bryk, Blazej"]
[Black "Szadkowski, Kamil"]
[Result "0-1"]
[WhiteTitle "II"]
[BlackTitle "II"]
[WhiteElo "1644"]
[BlackElo "1571"]

1. e4 c5 2. Nf3 Nc6 3. d4 cxd4 4. Nxd4 e5 5. Nb3 d6 6. Nc3 Be6 7. Bd3 Be7 8. O-O
Nf6 9. Be3 O-O 10. h3 a6 11. f4 exf4 12. Bxf4 Qb6+ 13. Kh1 Rad8 14. Qf3 Ne5 15.
Bxe5 dxe5 16. Rad1 Qc7 17. Ne2 Rd6 18. Ng3 g6 19. h4 Bg4 20. Qe3 Bxd1 21. Rxd1
h5 22. Nd2 Ng4 23. Qe1 Bxh4 24. Nf3 Qe7 25. Nxh4 Qxh4+ 26. Kg1 Rf6 0-1

[Event "XXIII SZACHOWE MISTRZOSTWA POLSKI DUCHOWIENSTWA"]
[Site "WSD Towarzystwa Chrystusowego w Poznaniu"]
[Date "1899-12-30"]
[Round "6.13"]
[White "Domaraczenko, Krzysztof"]
[Black "Kubasik, Adam"]
[Result "1-0"]
[WhiteTitle "II"]
[BlackTitle "III"]
[WhiteElo "1538"]
[BlackElo "1491"]

1. e4 e5 2. Nf3 d6 3. h3 Nf6 4. Nc3 Be7 5. Bc4 O-O 6. O-O a6 7. a4 Nbd7 8. Re1
Nb6 9. Ba2 Be6 10. Bxe6 fxe6 11. Ng5 Qd7 12. a5 Nc8 13. d4 exd4 14. Qxd4 h6 15.
Nf3 Nh7 16. Ne5 Qe8 17. Ng4 Nf6 18. Qc4 Nxg4 19. hxg4 Qf7 20. Rf1 c5 21. Ne2 d5
22. exd5 exd5 23. Qb3 Nd6 24. Qh3 Ne4 25. f3 Ng5 26. Bxg5 Bxg5 27. f4 Be7 28.
g3 Qe6 29. Rae1 c4 30. Nd4 Qf6 31. Ne6 Rfc8 32. g5 Qxb2 33. gxh6 gxh6 34. Qxh6
Qh8 35. Qg6+ 1-0

[Event "XXIII SZACHOWE MISTRZOSTWA POLSKI DUCHOWIENSTWA"]
[Site "WSD Towarzystwa Chrystusowego w Poznaniu"]
[Date "1899-12-30"]
[Round "7.1"]
[White "Sola, Wojciech"]
[Black "Drazek, Dariusz"]
[Result "1/2-1/2"]
[WhiteTitle "I"]
[BlackTitle "I"]
[WhiteElo "1797"]
[BlackElo "1782"]

1. c4 Nf6 2. Nc3 g6 3. g3 d5 4. cxd5 Nxd5 5. Bg2 Nxc3 6. bxc3 Bg7 7. Nf3 O-O 8.
O-O e5 9. d4 exd4 10. cxd4 c6 11. e3 Na6 12. Qb3 Nc5 13. Qc2 Ne6 14. Rb1 Re8 15.
Bd2 Ng5 16. Nxg5 Qxg5 17. Rfc1 Qe7 18. Bb4 Qd8 19. Qc5 Bf8 20. Qc3 Bxb4 21. Qxb4
Qe7 22. Qxe7 Rxe7 23. d5 cxd5 24. Bxd5 Rb8 25. Rb4 b6 26. a4 1/2-1/2

[Event "XXIII SZACHOWE MISTRZOSTWA POLSKI DUCHOWIENSTWA"]
[Site "WSD Towarzystwa Chrystusowego w Poznaniu"]
[Date "1899-12-30"]
[Round "7.2"]
[White "Przygrodzki, Jakub"]
[Black "Bak, Stanislaw"]
[Result "1/2-1/2"]
[WhiteTitle "II+"]
[BlackTitle "I"]
[WhiteElo "1635"]
[BlackElo "1788"]

1. d4 d5 2. Nf3 e6 3. Bf4 Nf6 4. e3 Bd6 5. Nbd2 Bxf4 6. exf4 O-O 7. c3 b6 8. h4
c5 9. h5 Ba6 10. h6 g6 11. Bxa6 Nxa6 1/2-1/2

[Event "XXIII SZACHOWE MISTRZOSTWA POLSKI DUCHOWIENSTWA"]
[Site "WSD Towarzystwa Chrystusowego w Poznaniu"]
[Date "1899-12-30"]
[Round "7.3"]
[White "Mazur, Jan"]
[Black "Wadrzyk, Zbigniew"]
[Result "0-1"]
[WhiteTitle "II"]
[BlackTitle "I"]
[WhiteElo "1618"]
[BlackElo "1781"]

1. e4 e6 2. d4 d5 3. exd5 exd5 4. Bd3 Bd6 5. h3 Ne7 6. Nf3 Bf5 7. Bxf5 Nxf5 8.
Qe2+ Qe7 9. Nc3 c6 10. O-O O-O 11. Qd3 Qf6 12. Re1 Nd7 13. Bg5 Qg6 14. Bd2 Rfe8
15. Ne2 Re4 16. Ng5 Re7 17. Nf3 Rae8 18. Bf4 f6 19. Bxd6 Nxd6 20. Qxg6 hxg6 21.
Nf4 Kf7 22. Kf1 g5 23. Nd3 Ne4 24. Re2 g4 25. Ng1 gxh3 26. gxh3 g5 27. Kg2 Nf8
28. f3 Nd6 29. Rxe7+ Rxe7 30. Re1 Ng6 31. Rxe7+ Kxe7 32. b3 Nf5 33. c3 Ne3+ 34.
Kg3 b6 35. Ne2 Ke6 36. Kf2 Nf5 37. c4 dxc4 38. bxc4 Kd6 39. a4 Nge7 40. f4 a6
41. fxg5 fxg5 42. Ne5 Nxd4 43. Nf7+ Kc5 44. Nxg5 Nxe2 45. Kxe2 Kxc4 46. Ne4 Kb4
47. h4 Kxa4 48. h5 Ng8 49. Kd3 Kb3 50. Nd2+ Kb4 51. Kc2 a5 52. Nb3 c5 53. Kb2
a4 54. Nc1 b5 55. Na2+ Ka5 56. Kc3 Kb6 57. Nc1 Kc6 58. Nd3 Nh6 59. Nc1 Kd5 60.
Nd3 Nf5 61. Nf4+ Kc6 62. Nd3 a3 63. Nc1 b4+ 64. Kb3 Kb5 65. Na2 c4+ 0-1

[Event "XXIII SZACHOWE MISTRZOSTWA POLSKI DUCHOWIENSTWA"]
[Site "WSD Towarzystwa Chrystusowego w Poznaniu"]
[Date "1899-12-30"]
[Round "7.6"]
[White "Januszewski, Marek"]
[Black "Mejzner, Miroslaw"]
[Result "0-1"]
[WhiteTitle "II"]
[BlackTitle "I"]
[WhiteElo "1644"]
[BlackElo "1826"]

1. d4 Nf6 2. Nf3 d5 3. c4 e6 4. Nc3 Bb4 5. Bg5 c6 6. e3 Qa5 7. Qc2 Ne4 8. Rc1 Qxa2
9. Bd3 Nxc3 10. bxc3 Qxc2 11. Rxc2 dxc4 12. Bxc4 Ba5 13. Ke2 Nd7 14. e4 b5 15.
Bd3 Bb7 16. Ra1 Bc7 17. Rca2 a5 18. c4 b4 19. c5 O-O 20. Be7 Rfc8 21. Bd6 Bd8
22. Nd2 Ra7 23. f4 Rca8 24. Ra4 Nf6 25. h3 h5 26. Nc4 Ba6 27. Nb6 Nxe4 28. Ke3
Bxd3 29. Nxa8 Nc3 30. Nb6 Nxa4 31. Rxa4 Bc2 32. Ra1 a4 33. Nc4 a3 34. Kd2 Ba4
35. g3 Ba5 36. Ne5 b3+ 0-1

[Event "XXIII SZACHOWE MISTRZOSTWA POLSKI DUCHOWIENSTWA"]
[Site "WSD Towarzystwa Chrystusowego w Poznaniu"]
[Date "1899-12-30"]
[Round "7.7"]
[White "Natoniewski, Sebastian"]
[Black "Dyrda, Konrad"]
[Result "1/2-1/2"]
[WhiteTitle "II"]
[BlackTitle "II"]
[WhiteElo "1629"]
[BlackElo "1670"]

1. Nf3 Nf6 2. g3 g6 3. Bg2 Bg7 4. O-O d5 5. d4 Nbd7 6. Bg5 h6 7. Bxf6 Nxf6 8. Nbd2
Bf5 9. e3 Qc8 10. c4 Bh3 11. cxd5 Nxd5 12. Rc1 c6 13. Qb3 Bxg2 14. Kxg2 Nb6 15.
Rc2 O-O 16. Ne5 Bxe5 17. dxe5 Qe6 18. Qxe6 fxe6 19. Nc4 Nxc4 1/2-1/2

[Event "XXIII SZACHOWE MISTRZOSTWA POLSKI DUCHOWIENSTWA"]
[Site "WSD Towarzystwa Chrystusowego w Poznaniu"]
[Date "1899-12-30"]
[Round "7.9"]
[White "Szczerbak, Kamil"]
[Black "Burgat, Boguslaw"]
[Result "1-0"]
[WhiteTitle "III"]
[BlackTitle "III"]
[WhiteElo "1632"]
[BlackElo "1562"]

1. e4 e5 2. Nf3 Nc6 3. d4 exd4 4. Nxd4 Bc5 5. Be3 Bxd4 6. Bxd4 Nxd4 7. Qxd4 Qf6
8. e5 Qb6 9. Qc3 Ne7 10. Bc4 O-O 11. Nd2 d5 12. exd6 Qxd6 13. O-O-O Qh6 14. Kb1
Bf5 15. f3 Nc6 16. g4 Be6 17. Bb5 Bd5 18. Nf1 Qg5 19. f4 Bxa2+ 20. Kxa2 Qxb5 21.
Kb1 Nb4 22. Ng3 Qa4 23. Nf5 Qa2+ 24. Kc1 Qa1+ 25. Kd2 Rad8+ 26. Ke2 Qa6+ 27. Kf2
Qb6+ 28. Kg3 f6 29. Qc4+ Kh8 30. Rxd8 Rxd8 31. Qf7 Rg8 32. Re1 Qc5 33. Ne7 Ra8
34. Nc8 h6 35. Re8+ Kh7 36. Qg8+ Kg6 37. f5+ 1-0

[Event "XXIII SZACHOWE MISTRZOSTWA POLSKI DUCHOWIENSTWA"]
[Site "WSD Towarzystwa Chrystusowego w Poznaniu"]
[Date "1899-12-30"]
[Round "7.10"]
[White "Szadkowski, Kamil"]
[Black "Zawada, Jan"]
[Result "0-1"]
[WhiteTitle "II"]
[BlackTitle "IV"]
[WhiteElo "1571"]
[BlackElo "1558"]

1. d4 e6 2. Nf3 d5 3. c4 Ne7 4. Nc3 dxc4 5. e4 g6 6. Bxc4 Bg7 7. O-O O-O 8. Be3
Nbc6 9. Qd2 Na5 10. Be2 b6 11. Rad1 f5 12. e5 Nd5 13. Bh6 Nxc3 14. bxc3 Bb7 15.
Bg5 Qd7 16. Ne1 Bd5 17. Bf3 Nc4 18. Qc2 c6 19. Bxd5 cxd5 20. Rd3 h6 21. Bc1 Qf7
22. f4 b5 23. a3 Rac8 24. Rg3 Kh7 25. Nd3 a5 26. Nc5 Rg8 27. Qb1 Qe8 28. Qd3 Bf8
29. Nb3 a4 30. Nd2 Nxa3 31. Bxa3 Bxa3 32. Rb1 Rb8 33. Rh3 Bf8 34. Nf1 b4 35. cxb4
Rxb4 36. Rxb4 Bxb4 37. Ne3 Rg7 38. Nc2 Rb7 39. Nxb4 Rxb4 40. Qa6 h5 41. Ra3 Kh6
42. h3 Rxd4 43. Qa5 Rxf4 44. Qd2 g5 45. g3 Re4 46. h4 Rg4 47. hxg5+ Kg6 48. Qa5
h4 49. Kg2 Rxg3+ 50. Rxg3 hxg3 51. Kxg3 Qb8 52. Qxa4 Qxe5+ 53. Kf2 Kxg5 54. Qe8
Qf6 55. Qg8+ Qg6 56. Qd8+ Kf4 57. Qd6+ Ke4 58. Qb4+ d4 59. Qb7+ Kf4 60. Qf3+ Kg5
61. Qg3+ Kf6 62. Qh4+ Ke5 63. Qh8+ Qf6 64. Qb8+ Ke4 65. Qb7+ Kf4 66. Qf3+ Kg5
67. Qg2+ Kh6 68. Qh2+ Kg6 69. Qb8 Qh4+ 70. Kf1 Qh1+ 71. Kf2 Qh7 72. Qg3+ Kf6 73.
Qd6 Qh4+ 74. Kf1 Qh3+ 75. Kg1 Qe3+ 76. Kf1 Qf3+ 77. Ke1 Qe4+ 78. Kf1 Qb1+ 79.
Kf2 Qb2+ 80. Kf1 Qc1+ 81. Kf2 Qe3+ 82. Kf1 d3 83. Qd8+ Ke5 84. Qh8+ Ke4 85. Qa8+
Kf4 86. Qb8+ e5 87. Qb4+ Kf3 88. Qh4 Qe2+ 0-1

[Event "XXIII SZACHOWE MISTRZOSTWA POLSKI DUCHOWIENSTWA"]
[Site "WSD Towarzystwa Chrystusowego w Poznaniu"]
[Date "1899-12-30"]
[Round "7.11"]
[White "Grela, Franciszek"]
[Black "Bartoszek, Krzysztof"]
[Result "0-1"]
[WhiteTitle "II"]
[BlackTitle "III"]
[WhiteElo "1600"]
[BlackElo "1533"]

1. f4 d6 2. Nf3 b6 3. e4 f6 4. Nh4 Nh6 5. Qh5+ Kd7 6. d4 Qe8 7. Qb5+ c6 8. Qb3
Ba6 9. f5 Bxf1 10. Bxh6 Ba6 11. Bf4 g5 12. Qe6+ Kd8 13. Bxd6 gxh4 14. Bxb8 Rxb8
15. Nd2 Qh5 16. Nf3 Bh6 17. Qxc6 Rc8 18. Qd5+ Ke8 19. c3 Be3 20. Qb3 Bc4 21. Qc2
h3 22. b3 hxg2 23. Qxg2 Rg8 24. Qc2 Qxf3 25. bxc4 Qxh1+ 26. Ke2 Qxa1 27. Kxe3
Qe1+ 28. Kd3 Qf1+ 29. Ke3 Qxc4 0-1

[Event "XXIII SZACHOWE MISTRZOSTWA POLSKI DUCHOWIENSTWA"]
[Site "WSD Towarzystwa Chrystusowego w Poznaniu"]
[Date "1899-12-30"]
[Round "7.12"]
[White "Kubasik, Adam"]
[Black "Rembecki, Robert"]
[Result "1-0"]
[WhiteTitle "III"]
[BlackTitle "II"]
[WhiteElo "1491"]
[BlackElo "1597"]

1. e4 d5 2. exd5 Nf6 3. Nf3 Nxd5 4. Bc4 Nc6 5. O-O Bg4 6. Nc3 Nf6 7. Be2 Qd7 8.
Ne1 h5 9. f3 Bf5 10. d3 Qd4+ 11. Rf2 e6 12. Nb5 Qb6 13. a4 Bc5 14. d4 O-O-O 15.
dxc5 Rxd1 16. cxb6 Rxe1+ 17. Bf1 cxb6 18. Nd6+ Kb8 19. Nxf5 exf5 20. Bf4+ Kc8
21. Rxe1 1-0

[Event "XXIII SZACHOWE MISTRZOSTWA POLSKI DUCHOWIENSTWA"]
[Site "WSD Towarzystwa Chrystusowego w Poznaniu"]
[Date "1899-12-30"]
[Round "7.13"]
[White "Domaraczenko, Krzysztof"]
[Black "Bryk, Blazej"]
[Result "0-1"]
[WhiteTitle "II"]
[BlackTitle "II"]
[WhiteElo "1538"]
[BlackElo "1644"]

1. e4 c5 2. Nf3 d6 3. Bc4 e6 4. O-O Nf6 5. Re1 Be7 6. d4 cxd4 7. Nxd4 O-O 8. Qf3
Nc6 9. Ne2 Ne5 10. Qb3 Nxe4 11. Nd4 Nxc4 12. Qxc4 d5 13. Qe2 Bc5 14. c3 e5 15.
b4 Bb6 16. f3 Nxc3 17. Qxe5 Nxb1 18. Rxb1 Bc7 19. Qh5 Qf6 20. Bb2 Bb6 21. Rbd1
Be6 22. Kh1 Bxd4 23. Bxd4 Qg6 24. Qh4 a6 25. Re5 Qc2 26. Rde1 Rac8 27. R5e2 Qd3
28. Ba1 d4 29. Re5 Bf5 30. g4 Qxf3+ 31. Kg1 Qxg4+ 32. Qxg4 Bxg4 0-1

[Event "XXIII SZACHOWE MISTRZOSTWA POLSKI DUCHOWIENSTWA"]
[Site "WSD Towarzystwa Chrystusowego w Poznaniu"]
[Date "1899-12-30"]
[Round "8.1"]
[White "Drazek, Dariusz"]
[Black "Wadrzyk, Zbigniew"]
[Result "0-1"]
[WhiteTitle "I"]
[BlackTitle "I"]
[WhiteElo "1782"]
[BlackElo "1781"]

1. e4 e6 2. d4 d5 3. Nd2 f5 4. exf5 exf5 5. Ngf3 Bd6 6. c4 c6 7. Bd3 Nf6 8. O-O
O-O 9. Re1 Ne4 10. Qb3 Qb6 11. Qc2 Qc7 12. Nf1 Nd7 13. c5 Bf4 14. g3 Bxc1 15.
Raxc1 Ndf6 16. Ne5 g6 17. f3 Ng5 18. Re2 Nd7 19. Kg2 Nxe5 20. Rxe5 Qg7 21. Rce1
Nf7 22. Re7 Qxd4 23. f4 b6 24. Qe2 bxc5 25. Ba6 Bxa6 26. Qxa6 Qxb2+ 27. Kh3 Qb6
28. Qe2 Rab8 29. Qe6 Rb7 30. Re8 Qc7 31. Qf6 Qd7 32. R1e7 Qxe8 33. Rxb7 Qe2 0-1

[Event "XXIII SZACHOWE MISTRZOSTWA POLSKI DUCHOWIENSTWA"]
[Site "WSD Towarzystwa Chrystusowego w Poznaniu"]
[Date "1899-12-30"]
[Round "8.2"]
[White "Leskauskas, Sarunas"]
[Black "Sola, Wojciech"]
[Result "0-1"]
[WhiteTitle "I"]
[BlackTitle "I"]
[WhiteElo "1687"]
[BlackElo "1797"]

1. e4 c5 2. f4 d5 3. e5 Nc6 4. Nf3 Bg4 5. Be2 e6 6. c3 Nge7 7. O-O g6 8. Na3 Bg7
9. Nc2 O-O 10. Ne3 Bxf3 11. Bxf3 b5 12. g4 Rc8 13. d3 d4 14. Ng2 Qb6 15. Kh1 Rfd8
16. c4 bxc4 17. dxc4 Qa6 18. b3 Qa5 19. a3 Rb8 20. Rb1 Qa6 21. Be4 f5 22. exf6
Bxf6 23. Qd3 Rf8 24. h4 Qc8 25. h5 Qe8 26. hxg6 hxg6 27. Qh3 Kg7 28. Kg1 Rh8 29.
Qf3 d3 30. Bxd3 Nd4 31. Qd1 Kf7 32. b4 Rh3 33. f5 exf5 34. gxf5 g5 35. Be4 Qh8
36. Qg4 Rh1+ 37. Kf2 Rxf1+ 38. Kxf1 Qh2 39. Be3 Qe5 40. Bxg5 Bxg5 41. Qxg5 Qxe4
42. Qh5+ Kf6 43. Qh6+ Kxf5 44. Ne3+ Ke5 45. Qg7+ Ke6 46. Re1 Qf3+ 47. Kg1 Rg8
48. Ng2+ Ne2+ 49. Rxe2+ Qxe2 50. Nf4+ Kf5 51. Nxe2 Rxg7+ 52. Kf2 cxb4 53. axb4
Rg4 54. Nc1 Rxc4 55. Nd3 Ke4 56. Nc5+ Rxc5 57. bxc5 Kd5 58. Ke2 Kxc5 59. Kd2 Kb4
60. Kc2 Nd5 61. Kb2 a5 62. Ka2 a4 63. Kb2 Nc3 64. Ka1 Nb5 65. Kb2 Nd4 66. Ka2
a3 67. Ka1 Kb3 68. Kb1 a2+ 0-1

[Event "XXIII SZACHOWE MISTRZOSTWA POLSKI DUCHOWIENSTWA"]
[Site "WSD Towarzystwa Chrystusowego w Poznaniu"]
[Date "1899-12-30"]
[Round "8.4"]
[White "Bak, Stanislaw"]
[Black "Pawlowski, Slawomir"]
[Result "0-1"]
[WhiteTitle "I"]
[BlackTitle "I"]
[WhiteElo "1788"]
[BlackElo "1757"]

1. e4 c5 2. Nf3 e6 3. d4 cxd4 4. Nxd4 a6 5. Bd3 Bc5 6. Nb3 Ba7 7. O-O Nc6 8. c3
Nf6 9. h3 O-O 10. Bg5 Ne5 11. Na3 b5 12. Bc2 Bb7 13. Qe2 Rc8 14. Rad1 Qc7 15.
Bb1 Bb8 16. g3 h6 17. Bxf6 gxf6 18. f4 Ba7+ 19. Kh2 Ng6 20. Qd2 d5 21. e5 f5 22.
Nd4 Qe7 23. Bxf5 Bxd4 24. Bxg6 Bxc3 25. Bxf7+ Rxf7 0-1

[Event "XXIII SZACHOWE MISTRZOSTWA POLSKI DUCHOWIENSTWA"]
[Site "WSD Towarzystwa Chrystusowego w Poznaniu"]
[Date "1899-12-30"]
[Round "8.5"]
[White "Mazur, Jan"]
[Black "Przygrodzki, Jakub"]
[Result "0-1"]
[WhiteTitle "II"]
[BlackTitle "II+"]
[WhiteElo "1618"]
[BlackElo "1635"]

1. Nf3 d5 2. d4 Nf6 3. Bg5 e6 4. e3 Be7 5. Bd3 h6 6. Bf4 O-O 7. h3 c5 8. c3 Qb6
9. b3 Ne4 10. Qc2 f5 11. Ne5 Bd6 12. f3 Ng5 13. h4 Nf7 14. g4 cxd4 15. exd4 Nxe5
16. Bxe5 Bxe5 17. dxe5 Qe3+ 18. Qe2 Qc1+ 19. Qd1 Qxd1+ 20. Kxd1 fxg4 21. fxg4
Nc6 22. Re1 Rf4 23. h5 Rxg4 24. Bg6 Rf4 25. Na3 a6 26. Ke2 Nxe5 27. Rg1 Bd7 28.
Raf1 Raf8 29. Rxf4 Rxf4 30. Ke3 Nxg6 31. hxg6 Rf6 32. c4 Be8 33. cxd5 exd5 34.
Kd4 Rxg6 35. Re1 Bc6 36. Nc2 a5 37. b4 Rg4+ 38. Kc5 Rc4+ 39. Kb6 Rxc2 40. bxa5
Rb2+ 41. Kc7 Rxa2 42. Kb6 d4 43. Rd1 Ra4 44. Rd3 Be4 45. Rd2 d3 46. Kb5 Rd4 47.
Kc5 Rd7 48. Kb4 g5 49. Kc3 h5 50. Kb2 g4 51. Kc1 g3 52. Kd1 g2 0-1

[Event "XXIII SZACHOWE MISTRZOSTWA POLSKI DUCHOWIENSTWA"]
[Site "WSD Towarzystwa Chrystusowego w Poznaniu"]
[Date "1899-12-30"]
[Round "8.7"]
[White "Dyrda, Konrad"]
[Black "Zawada, Jan"]
[Result "1-0"]
[WhiteTitle "II"]
[BlackTitle "IV"]
[WhiteElo "1670"]
[BlackElo "1558"]

1. e4 e5 2. Nf3 Nf6 3. Nxe5 d6 4. Nf3 Nxe4 5. Nc3 Nxc3 6. dxc3 Qe7+ 7. Be3 Bg4
8. h3 Bh5 9. Qd5 Bxf3 10. Qxf3 c6 11. O-O-O Nd7 12. Bf4 Qf6 13. Bxd6 Bxd6 14.
Qxf6 Nxf6 15. Rxd6 O-O 16. Bd3 Rad8 17. Rxd8 Rxd8 18. Re1 g6 19. Re7 Rd7 20. Rxd7
Nxd7 21. Kd2 Kg7 22. a4 Nc5 23. a5 Nxd3 24. cxd3 Kf6 25. d4 Ke6 26. c4 b6 27.
axb6 axb6 28. b4 b5 29. Kd3 Kd6 30. g4 f5 31. gxf5 gxf5 32. h4 h5 33. f3 Ke6 34.
d5+ cxd5 35. cxb5 Kd6 36. Kd4 f4 37. b6 Kc6 38. b7 Kxb7 39. Kxd5 Kb6 40. Ke5 Kb5
41. Kxf4 Kxb4 42. Ke5 Kc5 43. f4 Kc6 44. Ke6 1-0

[Event "XXIII SZACHOWE MISTRZOSTWA POLSKI DUCHOWIENSTWA"]
[Site "WSD Towarzystwa Chrystusowego w Poznaniu"]
[Date "1899-12-30"]
[Round "8.9"]
[White "Bartoszek, Krzysztof"]
[Black "Januszewski, Marek"]
[Result "0-1"]
[WhiteTitle "III"]
[BlackTitle "II"]
[WhiteElo "1533"]
[BlackElo "1644"]

1. Nf3 d5 2. g3 Nc6 3. Bg2 e5 4. d3 f5 5. e3 Be6 6. Nbd2 g5 7. O-O g4 8. Nh4 Be7
9. f4 Bxh4 10. gxh4 Qxh4 11. c4 O-O-O 12. cxd5 Bxd5 13. Bxd5 Rxd5 14. Qe2 Nf6
15. e4 fxe4 16. Nxe4 Nd4 17. Qf2 Nf3+ 18. Kh1 Qxf2 19. Nxf2 Re8 20. fxe5 Nxe5
21. Ne4 Nxe4 22. dxe4 Rd4 23. Bf4 Rxe4 24. Rae1 Nf3 25. Rxe4 Rxe4 26. Bg3 Re2
27. h3 h5 28. hxg4 hxg4 29. Rb1 c5 30. a3 b5 31. b4 c4 32. a4 a6 33. a5 c3 34.
Rc1 c2 35. Bf4 Kd7 36. Bd6 Re1+ 37. Rxe1 Nxe1 38. Bf4 Nd3 39. Bd2 c1=Q+ 40. Bxc1
Nxc1 0-1

[Event "XXIII SZACHOWE MISTRZOSTWA POLSKI DUCHOWIENSTWA"]
[Site "WSD Towarzystwa Chrystusowego w Poznaniu"]
[Date "1899-12-30"]
[Round "8.10"]
[White "Bryk, Blazej"]
[Black "Kuzio, Andrzej"]
[Result "1-0"]
[WhiteTitle "II"]
[BlackTitle "II"]
[WhiteElo "1644"]
[BlackElo "1674"]

1. e4 e5 2. Nf3 Nc6 3. Bc4 Bc5 4. c3 Nf6 5. d3 d6 6. O-O O-O 7. Re1 Bg4 8. h3 Bh5
9. a4 a5 10. Nbd2 h6 11. Nf1 Re8 12. Ng3 Bg6 13. Be3 Bxe3 14. Rxe3 Nh5 15. Nh2
Nf4 16. Ne2 Ne6 17. d4 exd4 18. cxd4 Nb4 19. Nc3 c5 20. dxc5 dxc5 21. Nd5 Nd4
22. Nxb4 axb4 23. Rg3 Kh7 24. Nf3 Rxe4 25. Bd3 Nxf3+ 26. Qxf3 Re7 27. Rd1 Rd7
28. Qg4 Ra6 29. Bxg6+ 1-0

[Event "XXIII SZACHOWE MISTRZOSTWA POLSKI DUCHOWIENSTWA"]
[Site "WSD Towarzystwa Chrystusowego w Poznaniu"]
[Date "1899-12-30"]
[Round "8.11"]
[White "Rembecki, Robert"]
[Black "Szadkowski, Kamil"]
[Result "1-0"]
[WhiteTitle "II"]
[BlackTitle "II"]
[WhiteElo "1597"]
[BlackElo "1571"]

1. e4 c5 2. Nf3 Nc6 3. a3 e5 4. b4 cxb4 5. axb4 Bxb4 6. c3 Be7 7. d4 exd4 8. cxd4
Nf6 9. d5 Bb4+ 10. Nbd2 Ne7 11. Bd3 d6 12. Qa4+ Qd7 13. Qxb4 a6 14. Bb5 axb5 15.
Rxa8 O-O 16. O-O Ng6 17. Nb3 Re8 18. Re1 Ne5 19. Nxe5 Rxe5 20. Bf4 Re8 21. f3
Nxd5 22. Qxd6 Nxf4 23. Rxc8 Qxc8 24. Qxf4 Qc3 25. Qe3 Qb4 26. Nd4 Rd8 27. Nf5
Rd3 28. Rc1 Rxe3 29. Rc8+ Qf8 30. Ne7+ Kh8 31. Rxf8# 1-0